| 000 | 00000nam 2200000za 4500 |
| 001 | 9.822274 |
| 003 | CaOODSP |
| 005 | 20221107143642 |
| 007 | cr ||||||||||| |
| 008 | 160809s2002 xxc|||||o f|0| 0 fre d |
| 040 | |aCaOODSP|bfre |
| 043 | |an-cn--- |
| 086 | 1 |aE100-2/2-2000-1904-09F-PDF |
| 110 | 2 |aSecrétariat de l'ALÉNA. |
| 245 | 10|aDans l'affaire magnésium en provenance du Canada (dommage) |h[ressource électronique] : |bréexamens quinquennaux des ordonnances en matière de droits compensateurs et de droits antidumping. Décision du groupe spécial. |
| 246 | 1 |iEn tête du titre : |aExamen par un groupe spécial binational constitué en vertu de l'article 1904 de l'accord de libre-échange Nord-Américain |
| 246 | 30|aMagnésium en provenance du Canada (dommage) |
| 260 | |a[Ottawa] : |bSecrétariat de l'ALÉNA, |c2002. |
| 300 | |a18 p. |
| 500 | |aLe 16 juillet 2002. |
| 500 | |aPublié aussi en anglais sous le titre : In the matter of magnesium from Canada (injury). |
| 504 | |aComprend des références bibliographiques. |
| 692 | 07|2gccst|aExportation |
| 692 | 07|2gccst|aAccord de libre-échange |
| 692 | 07|2gccst|aMétal |
| 775 | 08|tIn the matter of magnesium from Canada (injury) |w(CaOODSP)9.822272 |
| 856 | 40|qPDF|s3.08 Mo|uhttps://publications.gc.ca/collections/collection_2016/alena-sec-nafta/E100-2-2-2000-1904-09-fra.pdf |
| 986 | |aUSA-CDA-2000-1904-09 |